000 00295nam a22001217a 4500
040 _cSY
082 _a581
100 _aKHUM THOEUN; ឃុំ ធឿន
245 _aBotanique forestries, រុក្ខជាតិព្រៃឈើ
260 _aRUA
_bKHU
_cNA
300 _a110p.
942 _cKB
999 _c9390
_d9390